Statistics for All Blake Shelton Songs

Click here to take the quiz!

General Stats

  • This quiz has been taken 41 times
  • The average score is 28 of 159

Answer Stats

AlbumSong% Correct
Fully Loaded: God's CountryGod's Country
79%
Blake SheltonAustin
69%
Blake Shelton's Barn & GrillSome Beach
62%
Based on a True Story...Boys 'Round Here
59%
Blake SheltonOl' Red
59%
Hillbilly BoneHillbilly Bone
55%
Red River BlueHoney Bee
55%
Red River BlueGod Gave Me You
52%
All About TonightAll About Tonight
41%
SingleHappy Anywhere
41%
Texoma ShoreI'll Name the Dogs
41%
Bringing Back the SunshineNeon Light
41%
Bringing Back the SunshineSangria
41%
Based on a True Story...Sure Be Cool If You Did
38%
The DreamerThe Baby
38%
Pure BSThe More I Drink
38%
If I'm HonestA Guy with a Girl
34%
Based on a True Story...Doin' What She Likes
34%
Bringing Back the SunshineGonna
34%
Cheers, It's Christmas | Pure BSHome
34%
Based on a True Story...Mine Would Be You
34%
Fully Loaded: God's CountryNobody but You
34%
Red River Blue | Startin' FiresShe Wouldn't Be Gone
34%
Based on a True Story...Granddaddy's Gun
31%
Fully Loaded: God's CountryHell Right
31%
Texoma ShoreI Lived It
31%
Red River BlueOver
31%
Red River BlueRed River Blue
31%
If I'm HonestShe's Got a Way with Words
31%
All About TonightWho Are You When I'm Not Looking
31%
If I'm HonestEvery Time I Hear That Song
28%
Red River BlueFootloose
28%
Hillbilly BoneKiss My Country Ass
28%
Bringing Back the SunshineLonely Tonight
28%
Based on a True Story...My Eyes
28%
Blake Shelton's Barn & GrillNobody but Me
28%
Bringing Back the SunshineBringing Back the Sunshine
24%
If I'm HonestCame Here to Forget
24%
If I'm HonestFriends
24%
The DreamerThe Dreamer
24%
Texoma ShoreTurnin' Me On
24%
Pure BSDon't Make Me
21%
Red River BlueDrink on It
21%
Blake Shelton's Barn & GrillGoodbye Time
21%
Red River BlueHey
21%
Bringing Back the SunshineBuzzin'
17%
Based on a True Story...Country on the Radio
17%
Based on a True Story...Do You Remember
17%
Based on a True Story...Frame of Mine
17%
If I'm HonestGo Ahead and Break My Heart
17%
Red River BlueGood Ol' Boys
17%
Based on a True Story...I Found Someone
17%
Red River BlueI'm Sorry
17%
Texoma ShoreMoney
17%
Red River BlueReady to Roll
17%
Blake Shelton's Barn & GrillWhen Somebody Knows You That Well
17%
Cheers, It's ChristmasWhite Christmas
17%
Bringing Back the SunshineA Girl
14%
Blake SheltonAll Over Me
14%
Bringing Back the SunshineAnyone Else
14%
Texoma ShoreAt the House
14%
Hillbilly BoneDelilah
14%
Blake SheltonEvery Time I Look at You
14%
If I'm Honest | Startin' FiresGreen
14%
The DreamerHeavy Liftin'
14%
Blake Shelton's Barn & GrillI Drink
14%
Cheers, It's ChristmasJingle Bell Rock
14%
Bringing Back the SunshineJust South of Heaven
14%
Based on a True Story...Lay Low
14%
Blake Shelton's Barn & GrillOn a Good Day
14%
The DreamerPlayboys of the Southwestern World
14%
If I'm HonestSavior's Shadow
14%
If I'm HonestStraight Outta Cold Beer
14%
Red River BlueSunny in Seattle
14%
Texoma ShoreThe Wave
14%
Texoma ShoreWhen the Wine Wears Off
14%
Texoma ShoreWhy Me
14%
The DreamerAsphalt Cowboy
10%
Texoma ShoreBeside You Babe
10%
Cheers, It's ChristmasBlue Christmas
10%
Red River BlueChill
10%
Blake Shelton's Barn & GrillCotton Pickin' Time
10%
The DreamerGeorgia in a Jug
10%
Red River BlueGet Some
10%
Startin' FiresGood at Startin' Fires
10%
Texoma ShoreGot the T-Shirt
10%
Texoma ShoreHangover Due
10%
Pure BS | Startin' FiresI Don't Care
10%
The DreamerIn My Heaven
10%
If I'm HonestIt Ain't Easy
10%
Pure BSIt Ain't Easy Bein' Me
10%
Fully Loaded: God's CountryJesus Got a Tight Grip
10%
Blake Shelton's Barn & GrillLove Gets in the Way
10%
The DreamerMy Neck of the Woods
10%
Bringing Back the SunshinePain
10%
Cheers, It's ChristmasSanta's Got a Choo Choo Train
10%
Cheers, It's ChristmasSilver Bells
10%
The DreamerSomeday
10%
Blake Shelton's Barn & GrillThe Bartender
10%
Cheers, It's ChristmasTime for Me to Come Home
10%
The DreamerUnderneath the Same Moon
10%
Blake Shelton's Barn & GrillWhat's on My Mind
10%
Cheers, It's ChristmasWinter Wonderland
10%
All About TonightAddicted
7%
Hillbilly BoneAlmost Alright
7%
Pure BSBack There Again
7%
Pure BSChances
7%
If I'm HonestDoing It to Country Songs
7%
Blake Shelton's Barn & GrillGood Old Boy, Bad Old Boyfriend
7%
Pure BSI Can't Walk Away
7%
Blake SheltonIf I Was Your Man
7%
Pure BSI Have Been Lonely
7%
Cheers, It's ChristmasI'll Be Home for Christmas
7%
Startin' FiresI'll Just Hold On
7%
Based on a True Story...I Still Got a Finger
7%
Blake SheltonI Thought There Was Time
7%
Bringing Back the SunshineJust Gettin' Started
7%
Cheers, It's ChristmasLet It Snow! Let It Snow! Let It Snow!
7%
Cheers, It's ChristmasOklahoma Christmas
7%
Blake SheltonProblems at Home
7%
Blake SheltonSame Old Song
7%
Pure BSShe Can't Get That
7%
Blake SheltonShe Doesn't Know She's Got It
7%
Pure BSShe Don't Love Me
7%
Based on a True Story...Ten Times Crazier
7%
Fully Loaded: God's CountryTequila Sheila
7%
Blake SheltonThat's What I Call Home
7%
Cheers, It's ChristmasThe Christmas Song
7%
Pure BSThe Last Country Song
7%
Cheers, It's ChristmasThere's a New Kid in Town
7%
Cheers, It's ChristmasThe Very Best Time of Year
7%
Pure BSThis Can't Be Good
7%
Pure BSWhat I Wouldn't Give
7%
Startin' Fires100 Miles
3%
Startin' FiresBare Skin Rug
3%
If I'm HonestBet You Still Think About Me
3%
Hillbilly BoneCan't Afford to Love You
3%
Startin' FiresCountry Strong
3%
All About TonightDraggin' The River
3%
If I'm HonestEvery Goodbye
3%
Bringing Back the SunshineGood Country Song
3%
All About TonightGot a Little Country
3%
Startin' FiresHere I Am
3%
Startin' FiresHome Sweet Home
3%
Bringing Back the SunshineI Need My Girl
3%
Bringing Back the SunshineI Really Shouldn't Drink Around You
3%
Bringing Back the SunshineMessed Up
3%
Startin' FiresNever Lovin' You
3%
If I'm HonestOne Night Girl
3%
All About TonightSuffocating
3%
All About TonightThat Thing We Do
3%
Startin' FiresThis Is Gonna Take All Night
3%
If I'm HonestYou Can't Make This Up
3%
Hillbilly BoneYou'll Always Be Beautiful
3%
Based on a True Story...Small Town Big Crime
0%

Score Distribution

Percentile by Number Answered

Percent of People with Each Score

Your Score History

You have not taken this quiz